Statistics for Peaky Blinders Characters

Click here to take the quiz!

General Stats

  • This quiz has been taken 108 times
    (107 since last reset)
  • The average score is 28 of 77

Answer Stats

Hint Answer % Correct
Shelby Family{Tommy} Shelby, MP
100%
Shelby Family{Polly} Gray (née Shelby)
96%
Police & Government OfficialsFather {John} Hughes †
94%
Shelby Family{John} Shelby †
94%
Shelby Family{Arthur} Shelby
92%
Shelby Family{Arthur} Shelby Sr †
92%
Police & Government OfficialsLt Col {Arthur} Bigge
92%
Shelby Family{Ada} Thorne (née Shelby)
90%
Shelby Family{Michael} Gray
90%
Criminal Associates{Billy} Kimber †
86%
Shelby Family{Finn} Shelby
86%
Shelby Family Associates{Billy} Kitchen †
86%
Shelby Family Associates{Billy} Grade †
86%
Shelby Family{Billy} Shelby
86%
Shelby Family Associates{Freddie} Thorne †
84%
Criminal Associates{Alfie} Solomons
84%
Changretta Family & Associates{Luca} Changretta †
80%
Shelby Family{Grace} Shelby (née Burgess) †
78%
Shelby Family{Esme} Shelby (née Lee)
76%
Shelby Family{Charlie} Strong
67%
Shelby Family{Charles} Shelby
67%
Shelby Family{Lizzie} Shelby (née Stark)
59%
Shelby Family{Linda} Shelby
57%
Shelby Family Associates{Aberama} Gold †
55%
Shelby Family Associates{Johnny} Dogs
53%
Shelby Family{Karl} Thorne
51%
Shelby Family Associates{Jessie} Eden
47%
Shelby Family Associates{May} Carleton
43%
Police & Government OfficialsSergeant {Moss}
35%
Criminal Associates{Jimmy} McCavern
35%
Shelby Family Associates{Jeremiah} Jesus
33%
Shelby Family Associates{Bonnie} Gold †
33%
Shelby Family Associates{Danny} Owen, 'Whizz-Bang' †
29%
Shelby Family AssociatesCurly
29%
Police & Government Officials{Winston} {Churchill}, MP
27%
Police & Government Officials{Oswald} {Mosley}, MP
27%
Shelby Family{Ruby} Shelby
27%
Shelby Family Associates{Isiah} Jesus
24%
Criminal Associates{Darby} Sabini
22%
Police & Government OfficialsMajor {Chester} Campbell †
20%
Shelby Family{Gina} Gray
20%
Shelby Family Associates{Harry} Fenton
18%
Shelby Family Associates{Mary} (housemaid)
18%
Shelby Family AssociatesMr {Zhang}
18%
Shelby Family Associates{William} Letso
18%
Petrovna Family{Tatiana} Petrovna
16%
Shelby Family AssociatesScud{boat}
16%
Shelby Family AssociatesHarold Hancox, 'the {Digbeth} Kid' †
16%
Criminal Associates{Georgie} Sewell
16%
Shelby Family Associates{Ben} Younger †
14%
Shelby Family Associates{Frances} (housemaid)
14%
Criminal Associates{Ollie} (Solomons associate)
10%
Changretta Family & Associates{Angel} Changretta †
8%
Changretta Family & Associates{Vincent} Changretta †
6%
Police & Government Officials{Patrick} Jarvis, MP
6%
Changretta Family & Associates{Audrey} Changretta
6%
Shelby Family Associates{Charlotte} Murray
4%
Pro & Anti-Treaty Irish{Donal} Henry (Irregular spy) †
4%
Shelby Family{Katie} Shelby
4%
Petrovna Family{Leon} Petrovich Romanov
4%
Pro & Anti-Treaty Irish{Irene} O'Donnell
4%
Changretta Family & AssociatesFrederico †
2%
Shelby Family Associates{Ruben} Oliver
2%
Changretta Family & AssociatesMrs {Ross}
2%
Shelby Family Associates{Niall} Devlin
2%
Shelby Family Associates{Bethany} Boswell
2%
Shelby Family Associates{Rosemary} Johnson
2%
Criminal Associates{Roberts} (Kimber associate)
2%
Shelby Family Associates{Zilpha} Lee
2%
Shelby Family Associates{Barney} Thompson †
2%
Criminal Associates{Mario} (Sabini associate)
2%
Petrovna Family{Izabella} Petrovna
2%
Shelby Family Associates{Clive} Macmillan †
2%
Shelby Family Associates{Stephan} Radischevski
2%
Shelby Family Associates{King} Maine
2%
Pro & Anti-Treaty IrishMaguire †
2%
Changretta Family & AssociatesMatteo
2%

Score Distribution

Percentile by Number Answered

Percent of People with Each Score

Your Score History

You have not taken this quiz since the last reset